Las disciplinas (vol. I)

Uloženo v:
Podrobná bibliografie
Hlavní autor: Vives, Juan Luis
Médium: Kniha
Jazyk:Undetermined
Vydáno: España Ediciones Orbis 1985
Témata:
Tagy: Přidat tag
Žádné tagy, Buďte první, kdo vytvoří štítek k tomuto záznamu!

MARC

LEADER 00000nam a2200000Ia 4500
008 170316s9999 xx 000 0 und d
090 |a 100 V-21d v.1 
100 |a Vives, Juan Luis 
245 |a Las disciplinas (vol. I) 
260 |a España 
260 |b Ediciones Orbis 
260 |c 1985 
300 |a 255 páginas Vol. 1 
650 |a FILOSOFÍA 
650 |a LAS DISCIPLINAS 
650 |a LA DIALÉCTICA 
650 |a FILOSOFÍA NATURAL 
650 |a FILOSOFÍA MORAL 
650 |a DERECHO CIVIL 
999 |c 17856  |d 17856 
040 |a cru BVZT 
942 |c 15 D  |h 100 V-21d v.1  |2 z